[Event "46th OKU-A 2019"]
[Site "Utrecht"]
[Date "2019.06.01"]
[Round "4.1"]
[White "Meng, Roger"]
[Black "Warmerdam, Max"]
[Result "0-1"]
[WhiteElo "2443"]
[BlackElo "2476"]
[Annotator "RC"]
[PlyCount "68"]
[EventDate "2019.05.31"]
[EventType "swiss"]
[EventCountry "NED"]
[SourceTitle "playchess.com"]
[Source "ChessBase"]
[SourceQuality "1"]
[TimeControl "6600+10"]

1. d4 {[%emt 0:01:58]} Nf6 {[%emt 0:00:13]} 2. Nf3 {[%emt 0:00:04]} g6 {[%emt 0:00:17]} 3. c4 {[%emt 0:00:09]} Bg7 {[%emt 0:00:07]} 4. Nc3 {[%emt 0:00:04]} O-O {[%emt 0:01:00]} 5. Bf4 {[%emt 0:00:16]} d6 {[%emt 0:00:42]} 6. e3 {[%emt 0:00:29]} c5 {[%emt 0:00:08]} 7. h3 {[%emt 0:03:24]} Qa5 {[%emt 0:01:24]} 8. Qd2 {[%emt 0:03:39]} cxd4 {[%emt 0:00:44]} 9. exd4 {[%emt 0:01:51]} Nc6 {[%emt 0:00:14]} 10. d5 {[%emt 0:09:25]} e5 {[%emt 0:01:05]} 11. Be3 {[%emt 0:02:15]} Ne7 {[%emt 0:00:08]} 12. Nb5 {[%emt 0:15:43]} Qd8 {[%emt 0:13:37]} 13. Qb4 {[%emt 0:19:21]} Nf5 {[%emt 0:06:04]} 14. Bxa7 {[%emt 0:09:11]} Bd7 {[%emt 0:07:42]} 15. g4 {[%emt 0:07:03]} Bxb5 {[%emt 0:04:23]} 16. Qxb5 {[%emt 0:00:07]} Rxa7 {[%emt 0:00:16]} 17. gxf5 {[%emt 0:00:03]} e4 {[%emt 0:00:16]} 18. Nd2 {[%emt 0:04:45]} Qe7 {[%emt 0:08:53]} 19. Qb3 {[%emt 0:01:18]} Nd7 {[%emt 0:01:53]} 20. Be2 {[%emt 0:03:54]} Nc5 {[%emt 0:02:01]} 21. Qe3 {[%emt 0:00:30]} Bxb2 {[%emt 0:00:39]} 22. Rb1 {[%emt 0:00:24]} Rxa2 {[%emt 0:01:01]} 23. Nb3 {[%emt 0:01:45]} Ba3 {[%emt 0:04:19]} 24. Nd4 {[%emt 0:01:44]} Bb4+ {[%emt 0:01:09]} 25. Kf1 {[%emt 0:00:12]} Bd2 {[%emt 0:01:17]} 26. Qg3 {[%emt 0:00:16]} Qf6 {[%emt 0:02:44]} 27. Nb5 {[%emt 0:01:05]} Rd8 {[%emt 0:00:49]} 28. h4 {[%emt 0:02:25]} Qxf5 {[%emt 0:04:56]} 29. Nxd6 {[%emt 0:02:52]} Rxd6 {[%emt 0:00:15]} 30. Qxd6 {[%emt 0:00:05]} e3 {[%emt 0:00:06]} 31. Kg2 {[%emt 0:00:04]} Ne4 {[%emt 0:24:15]} 32. Qd8+ {[%emt 0:04:39]} Kg7 {[%emt 0:00:05]} 33. Rbf1 {[%emt 0:01:11]} Ba5 {[%emt 0:00:15]} 34. fxe3 {[%emt 0:01:36]} Qg4+ {[%emt 0:00:36]} 0-1

[Event "46th OKU-A 2019"]
[Site "Utrecht"]
[Date "2019.06.01"]
[Round "4.2"]
[White "Diepeveen, Vincent"]
[Black "Burg, Twan"]
[Result "0-1"]
[WhiteElo "2312"]
[BlackElo "2519"]
[Annotator "TA"]
[PlyCount "48"]
[EventDate "2019.05.31"]
[EventType "swiss"]
[EventCountry "NED"]
[SourceTitle "playchess.com"]
[Source "ChessBase"]
[SourceQuality "1"]

{[%evp 11,48,25,23,22,40,37,39,16,33,21,45,0,20,-70,13,-68,-62,-70,-75,-116,-98,-94,-72,-112,-35,-56,-41,-219,-219,-217,-216,-219,-225,-267,-268,-267,-246,-297,-272]} 1. e4 c5 2. Nf3 d6 3. d4 cxd4 4. Nxd4 Nf6 5. Nc3 a6 6. Bg5 Nbd7 7. Qe2 {B94: Sicilian Najdorf: 6 Bg5 Nbd7} h6 8. Bh4 g6 9. O-O-O {White is slightly better.} e5 10. Nb3 b5 11. f3 Be7 12. Bg3 $146 (12. a3 $11) ({Predecessor:} 12. Qd2 Qc7 13. a3 Bb7 14. Kb1 Rc8 {0-1 (46) Almasi,Z (2689)-Aczel,G (2549) Budapest 2018}) 12... Bb7 ({Better is} 12... b4 $15 13. Na4 Bb7) 13. f4 (13. a3 $11) 13... Qc7 $15 14. Kb1 Rc8 15. fxe5 dxe5 ({Of course not} 15... Nxe5 $6 16. Bf4 $15) 16. Nd5 Nxd5 17. exd5 {[#]} Bd6 (17... O-O $1 $17 18. c3 Bd6) 18. Be1 Nf6 $1 19. c4 $2 (19. Ba5 $15 Qe7 20. g3) 19... bxc4 $19 ({Don't do} 19... Qxc4 20. Qxc4 bxc4 21. Na5 $17) 20. Na5 Bxd5 21. Nxc4 O-O ({Less strong is} 21... Qxc4 22. Qxc4 Bxc4 23. Bxc4 $15) 22. Rc1 Rfe8 23. Bd2 Bf8 24. Qe3 {If only White now had time for Nb6....} Qd7 {Played: Qc7-b7} 0-1

[Event "46th OKU-A 2019"]
[Site "Utrecht"]
[Date "2019.06.01"]
[Round "4.3"]
[White "Ten Hertog, Hugo"]
[Black "Van Overdam, Julian"]
[Result "1-0"]
[WhiteElo "2480"]
[BlackElo "2371"]
[Annotator "TA"]
[PlyCount "123"]
[EventDate "2019.05.31"]
[EventType "swiss"]
[EventCountry "NED"]
[SourceTitle "playchess.com"]
[Source "ChessBase"]
[SourceQuality "1"]

{[%evp 9,123,75,82,83,80,64,118,104,104,60,106,100,202,189,193,185,194,185,196,71,142,146,331,383,336,302,473,475,427,300,318,285,298,271,266,9,264,-8,-9,-50,-47,-53,-33,-46,-33,-35,90,-59,-58,-99,-97,-246,-244,-244,-238,-306,-318,-318,-321,-279,-91,-98,-85,-262,-131,-127,-86,-189,-124,-203,-118,-501,-491,-457,-418,-343,-280,-275,-202,-322,0,-44,0,0,0,0,0,0,0,0,1704,1106,1148,477,29985,29982,29981,29982,29983,29983,29989,29977,29977,29978,29978,29979,29979,29980,29980,29981,29981,29982,29984,29982,29983,29984]} 1. e4 d6 2. d4 Nf6 3. Nc3 g6 4. f4 c6 5. Nf3 Bg4 6. h3 {B09: Pirc Defence: Austrian Attack} (6. Be2 e6 7. Be3 d5 8. e5 Nfd7 9. O-O h5 10. Ng5 Bf5 11. Bd3 Be7 12. Ne2 c5 13. Bxf5 gxf5 {½-½ (47) Berg,E (2574)-Hillarp Persson,T (2552) Malmo 2007}) 6... Bxf3 7. Qxf3 Qb6 (7... d5 $14) 8. e5 $16 {White is better.} Nfd7 9. h4 $146 ({Predecessor:} 9. exd6 e6 10. Bd2 Bxd6 11. Ne4 Be7 12. O-O-O Nf6 13. c4 Nbd7 {0-1 (21) Molner,M (2241)-Scekic,M (2395) New York 2005}) 9... e6 10. h5 g5 (10... Rg8 $16 {might work better.}) 11. exd6 $1 $18 ({Don't do} 11. fxg5 $6 dxe5 12. dxe5 Nxe5 $16) 11... g4 12. Qxg4 Nf6 13. Qf3 $1 Nbd7 14. f5 (14. Bd2 $1 $18 {and White stays clearly on top.}) 14... e5 ({Black should try} 14... Qxd4 15. fxe6 fxe6) 15. Bg5 $16 Rg8 $2 (15... Bxd6 $16 16. O-O-O O-O-O) 16. Bxf6 $1 $18 {[%mdl 64] Overworked Piece} Nxf6 17. dxe5 Bh6 (17... Qxb2 {was necessary.} 18. Rb1 Qxc2 19. Rxb7 Qc1+ 20. Nd1 Bh6) 18. exf6 O-O-O 19. Rd1 Rge8+ 20. Be2 Re3 21. Qg4 Qxb2 22. Na4 $2 (22. d7+ $18 Kc7 23. Nb1) 22... Qe5 $2 {[%mdl 8192]} (22... Qxc2 $11 {and Black is okay.} 23. d7+ Kc7) 23. Rh3 $2 ({White has to play} 23. Rh4 $1 $18) 23... Re4 $11 24. d7+ Kc7 25. Qg3 {aiming for Nc3.} Rxe2+ 26. Kf1 Bf4 27. Qc3 $1 Re4 (27... Bg5 $15 {stays ahead.}) 28. Qxe5+ ({White must play} 28. Nc5 $16 {Threatening mate with Qa5+.} Qxc3 29. Rxc3) 28... Bxe5 $15 29. Nc5 Rc4 {[%mdl 64] Double Attack} 30. Ne6+ (30. Nd3 $17 {was worth a try.} Bxf6 31. Ne1) 30... fxe6 $19 31. fxe6 Rf4+ $1 ({Inferior is} 31... Bxf6 32. Rf3 $11) 32. Rf3 Rxf3+ 33. gxf3 Bxf6 {[%mdl 4096] Endgame KRB-KR} 34. f4 Be7 $2 (34... Rf8 $1 $19 {has better winning chances.} 35. Kg2 Bd8) 35. Ke2 Rf8 36. Rf1 $2 {[#]} (36. Kf3 $17) 36... Rf5 (36... Kd6 $1 $19 37. f5 Ke5) 37. Kf3 $17 Rxh5 38. c4 (38. Rg1 $17) 38... Rc5 (38... Rh3+ $19 39. Kg4 Rh2) 39. Rd1 (39. Rg1 $17 {keeps fighting.}) 39... Bd8 (39... Rxc4 $19 40. d8=B+ {[%mdl 64] Decoy} Bxd8 41. Rd7+ Kc8 42. Rxh7 Rc3+ 43. Ke4 Rc1) 40. Ke4 $2 {[%mdl 8192]} (40. Rg1 $17 {nothing else works.}) 40... Rxc4+ $19 41. Kf5 h5 42. Rg1 h4 43. Rg7 Rc5+ 44. Kg6 (44. Kg4 {was the only defense.}) 44... Rd5 $2 ({Better is} 44... Rc2 $19 {Threatens to win with ...Rg2+.} 45. e7 {[#]} Bxe7 $1 {[%mdl 576] Promotion} 46. Rxe7 h3) 45. f5 $15 h3 {Strongly threatening ...h2.} (45... Re5 $5 {[%cal Rc6c5]} 46. Rg8 c5 $15) 46. Rh7 Rd3 47. f6 {And now Rh8 would win.} Re3 48. Kf7 Kd6 49. Rh8 $1 {[%cal Rh8d8]} h2 $2 {[%mdl 8192]} (49... Bxf6 $11 50. d8=Q+ Bxd8 51. Rxd8+ Kc7) 50. Rxh2 $18 {Hoping for e7.} Rf3 51. Rd2+ (51. Ke8 $142 Kxe6 52. Kxd8) 51... Ke5 (51... Kc7 $18) 52. e7 {White mates.} Rxf6+ 53. Ke8 Bxe7 54. Kxe7 {KR-KR} Rh6 55. d8=Q Rh7+ 56. Ke8 Rh8+ 57. Kd7 Rxd8+ 58. Kxd8 c5 59. Kc7 c4 60. Kxb7 c3 61. Rd8 Ke4 62. Kxa7 {Accuracy: White = 39%, Black = 32%.} 1-0

[Event "46th OKU-A 2019"]
[Site "Utrecht"]
[Date "2019.06.01"]
[Round "4.4"]
[White "Arnaudov, G. Petar"]
[Black "Van Kerkhof, David"]
[Result "1/2-1/2"]
[WhiteElo "2482"]
[BlackElo "2376"]
[Annotator "TA"]
[PlyCount "124"]
[EventDate "2019.05.31"]
[EventType "swiss"]
[EventCountry "NED"]
[SourceTitle "playchess.com"]
[Source "ChessBase"]
[SourceQuality "1"]

{[%evp 9,123,7,6,-11,-14,-24,-42,-37,7,7,10,-8,8,-12,-14,-2,157,147,157,150,163,122,126,108,121,-75,-71,-75,-74,-36,-45,-78,-71,-74,-40,-40,-40,-45,-46,-54,-54,-61,-8,-8,-8,-8,-8,-8,-8,-8,-8,-8,-8,-8,-8,-8,-12,-45,-45,-70,-70,-418,-410,-399,-384,-393,-391,-654,-621,-523,-719,-685,-618,-847,-828,-735,-783,-722,-562,-1040,-1000,-29960,-12812,-29965,-29965,-29969,-29969,-12849,-5081,-29974,-29975,-29976,-29977,-29977,-29978,-29977,-29978,-29978,-29976,-29961,-8,-8,-8,-8,-8,-8,-8,-8,-8,-8,-8,-8,-8,-8,-8,-8]} 1. Nf3 c5 2. c3 g6 3. d4 Bg7 4. Bf4 Nf6 5. e3 b6 6. dxc5 {A48: 1 d4 Nf6 2 Nf3 g6: Torre, London and Colle Systems} bxc5 7. e4 Bb7 $146 ({Predecessor:} 7... Nc6 8. Nbd2 O-O 9. Be2 d5 10. Qc2 d4 11. O-O Nh5 12. Bg3 Nxg3 13. hxg3 Be6 {0-1 (33) Korley,K (2389)-Gordievsky,D (2613) Philadelphia 2017}) 8. e5 $1 {[%cal Re5f6] Black is slightly better.} Nd5 (8... Nh5 {with more complications.} 9. Be3 Nc6 10. Be2 Nxe5 11. Nxe5 Bxe5 12. Bxh5 gxh5 13. Qxh5 d6) 9. Bg3 O-O 10. Nbd2 d6 11. exd6 exd6 12. Be2 f5 $2 (12... Nf6 $11) 13. Qb3 $16 {0-0-0 is the strong threat.} Qb6 {[#]} 14. O-O-O $1 {Threatens to win with Bc4.} Nd7 15. Bb5 Bc6 16. a4 {And now Nc4 would win.} a6 17. Nc4 $2 (17. Bc4 $16 {keeps the pressure on.} Qxb3 18. Bxb3) 17... axb5 $17 18. Nxb6 N7xb6 19. Bxd6 c4 20. Qa3 {[#] aiming for a5.} Bh6+ $1 21. Kb1 {Hoping for a5.} Rxa4 (21... b4 {looks sharper.} 22. cxb4 Rxa4 23. Bxf8 Kxf8 24. Qxa4 Bxa4 25. Ne5 c3) 22. Bxf8 Bxf8 23. Qxa4 $1 bxa4 24. Ne5 Bb7 {[%mdl 1024] Black has compensation.} 25. Kc2 Bc5 (25... Nf4 $15 26. f3 Nbd5) 26. Rd2 $1 $11 Kg7 27. Rhd1 $1 {Threatening Nd7!} Kf6 28. Rxd5 $1 Bxd5 {[#]} 29. Rxd5 $1 {[%mdl 512]} Nxd5 30. Nd7+ {[%mdl 64] Double Attack} Ke7 31. Nxc5 {[%mdl 4096] Endgame KN-KN} Nb6 32. Nb7 Kd7 33. Kd2 Kc7 34. Na5 Kd6 35. Ke3 $2 {[%mdl 8192]} (35. Kc2 $15) 35... Kd5 $19 36. Nb7 Nd7 37. f4 Nf6 38. h3 $2 (38. Nd8 Ne4 39. Nf7) 38... Ne4 39. Ke2 {[#]} Nxc3+ $1 {[%mdl 512]} 40. Kd2 (40. bxc3 a3) 40... Nb5 41. Nd8 {[#]} c3+ $1 {[%mdl 512]} 42. bxc3 a3 {[%cal Ba4a3,Ba3a2][%mdl 32] Strongly threatening ...a2.} 43. Kc2 a2 44. Kb2 {[#]} Nxc3 $1 {[%mdl 512]} 45. g4 (45. Kxc3 a1=Q+) 45... h5 46. gxf5 gxf5 47. h4 Ke4 48. Ne6 Kf3 49. Ng7 Kg4 50. Ka1 Kxh4 51. Nxf5+ {[#]} Kg4 $1 {[%mdl 64] Double Attack} 52. Ne3+ Kxf4 53. Ng2+ Kg3 54. Ne3 h4 $2 (54... Kf3 {mates} 55. Nf5 Nd5 56. Nh4+ Kg3 57. Ng6 Nf4 58. Ne7 Kg4 59. Ng8 Kg5 60. Kxa2 h4 61. Ne7 h3 62. Nc6 h2 63. Ka3 h1=Q 64. Nb4 Qd1 65. Kb2 Ne2 66. Na6 Qc1+ 67. Ka2 Qc4+ 68. Ka3 Nd4 69. Nc5 Qxc5+ 70. Kb2 Qc2+ 71. Ka3 Qb3#) 55. Nf5+ $11 {The position is equal.} Kg4 {[#]} 56. Nxh4 $1 {[%mdl 512]} Kxh4 57. Kb2 Kg4 58. Ka1 Kf4 59. Kb2 Ke4 60. Ka1 Kd4 61. Kb2 Kc4 62. Ka1 Kb3 {Accuracy: White = 45%, Black = 76%.} 1/2-1/2

[Event "46th OKU-A 2019"]
[Site "Utrecht"]
[Date "2019.06.01"]
[Round "4.5"]
[White "Jansen, Bob"]
[Black "Miezis, Normunds"]
[Result "0-1"]
[WhiteElo "2148"]
[BlackElo "2456"]
[Annotator "RC"]
[PlyCount "58"]
[EventDate "2019.05.31"]
[EventType "swiss"]
[EventCountry "NED"]
[SourceTitle "playchess.com"]
[Source "ChessBase"]
[SourceQuality "1"]
[TimeControl "6600+10"]

1. d4 {[%emt 0:00:00]} Nf6 {[%emt 0:00:00]} 2. Bf4 {[%emt 0:00:18]} e6 {[%emt 0:01:20]} 3. e3 {[%emt 0:00:27]} d5 {[%emt 0:00:24]} 4. Nf3 {[%emt 0:00:17]} Bd6 {[%emt 0:00:36]} 5. Bg3 {[%emt 0:00:04]} Ne4 {[%emt 0:00:21]} 6. Nbd2 {[%emt 0:01:39]} f5 {[%emt 0:00:40]} 7. Ne5 {[%emt 0:10:30]} O-O {[%emt 0:01:14]} 8. f3 {[%emt 0:06:43]} Nxg3 {[%emt 0:03:14]} 9. hxg3 {[%emt 0:02:10]} Bxe5 {[%emt 0:00:07]} 10. dxe5 {[%emt 0:00:03]} d4 {[%emt 0:00:15]} 11. f4 {[%emt 0:12:43]} Nc6 {[%emt 0:01:17]} 12. e4 {[%emt 0:01:13]} Ne7 {[%emt 0:04:59]} 13. Bd3 {[%emt 0:04:29]} h6 {[%emt 0:00:14]} 14. Qe2 {[%emt 0:02:31]} c5 {[%emt 0:00:26]} 15. g4 {[%emt 0:08:13]} b5 {[%emt 0:01:07]} 16. exf5 {[%emt 0:06:04]} exf5 {[%emt 0:02:06]} 17. Bxb5 {[%emt 0:05:13]} fxg4 {[%emt 0:01:38]} 18. Bc4+ {[%emt 0:06:22]} Kh8 {[%emt 0:00:57]} 19. O-O-O {[%emt 0:11:47]} Bf5 {[%emt 0:02:21]} 20. Ne4 {[%emt 0:13:10]} Rb8 {[%emt 0:12:46]} 21. Nd6 {[%emt 0:03:45]} Qb6 {[%emt 0:01:50]} 22. b3 {[%emt 0:01:52]} Qa5 {[%emt 0:02:53]} 23. Kb1 {[%emt 0:02:36]} Qc3 {[%emt 0:01:48]} 24. Qd2 {[%emt 0:03:58]} Qg3 {[%emt 0:04:07]} 25. Nf7+ {[%emt 0:03:57]} Kh7 {[%emt 0:04:55]} 26. Ng5+ {[%emt 0:00:25]} Kg6 {[%emt 0:00:47]} 27. Ne6 {[%emt 0:00:16]} Rfc8 {[%emt 0:01:33]} 28. Qa5 {[%emt 0:02:50]} Qxg2 {[%emt 0:01:29]} 29. Rc1 {[%emt 0:00:34]} Qc6 {[%emt 0:01:37]} 0-1

[Event "46th OKU-A 2019"]
[Site "Utrecht"]
[Date "2019.06.01"]
[Round "4.6"]
[White "Ootes, Lars"]
[Black "Lalic, Bogdan"]
[Result "1-0"]
[WhiteElo "2360"]
[BlackElo "2400"]
[Annotator "TA"]
[PlyCount "91"]
[EventDate "2019.05.31"]
[EventType "swiss"]
[EventCountry "NED"]
[SourceTitle "playchess.com"]
[Source "ChessBase"]
[SourceQuality "1"]

{[%evp 9,91,0,14,15,0,12,23,-9,-12,-7,0,-1,35,45,14,34,45,13,47,0,0,-49,-40,-52,91,91,90,-74,-73,-66,75,81,78,80,82,84,112,53,135,78,85,81,111,122,143,129,143,130,127,81,86,87,110,115,156,147,148,170,251,255,423,423,423,423,422,419,418,411,411,404,1160,1160,1160,1160,1153,1127,1153,1153,5933,4960,29973,29973,29970,12355]} 1. e4 e5 2. Nf3 Nc6 3. Bb5 g6 4. d4 exd4 5. c3 dxc3 (5... Nge7 6. cxd4 d5 7. exd5 Nxd5 8. O-O Bg7 9. Bxc6+ bxc6 10. Bg5 Qd6 11. Re1+ Be6 12. Nbd2 O-O 13. Ne4 Qb4 14. Qc1 Rfe8 15. Bd2 Qb6 16. Nc5 Bf5 17. Ne5 Rad8 18. h3 Nf6 19. Nb3 Rd5 20. Nxc6 Rxe1+ 21. Bxe1 Bf8 22. Ne5 {1-0 (46) Naiditsch,A (2721)-Nakamura,H (2763) Douglas 2018}) 6. Nxc3 {C60: Ruy Lopez: Unusual Black 3rd moves and 3...g6} h6 7. Bf4 Bg7 8. Qd2 {White has an edge.} Nge7 9. O-O-O d6 $146 ({Predecessor:} 9... a6 10. Ba4 b5 11. Bb3 Na5 12. Nd5 Nxb3+ 13. axb3 {0-1 (25) Egorov,D (2064)-Derakhshani,D (2356) St Petersburg 2015}) 10. e5 {[%cal Re5d6]} d5 11. Ne4 {[%mdl 1024] White has compensation.} Kf8 12. Nf6 Be6 13. h4 d4 14. h5 {aiming for hxg6.} g5 15. Nxg5 (15. Bxc6 {seems wilder.} Nxc6 16. Nxg5 hxg5 17. Bxg5 Bf5 18. g4) 15... hxg5 16. Bxg5 {Hoping for h6.} Nd5 {[#]} ({But not} 16... Bxa2 $2 17. h6 $18) (16... Bxf6 $1 $15 17. Bxf6 Qd5 {[%mdl 64] Double Attack}) 17. Bxc6 $1 $16 Bxf6 18. Bxf6 $2 (18. exf6 $16 {is necessary to keep the advantage.} bxc6 19. Bh6+ Ke8 20. Bg7) 18... Nxf6 $17 19. Qb4+ Qe7 (19... Kg8 $1 $15 {stays ahead.} 20. Rxd4 Qf8 21. Qxf8+ Rxf8 22. Bxb7 c5) 20. Qxe7+ $16 Kxe7 21. exf6+ Kxf6 22. Bxb7 Rad8 23. Rd3 (23. b3 $16) 23... c5 ({Black should play} 23... c6 $1 $14) 24. b3 (24. Ra3 $142) 24... a5 25. Rf3+ Ke7 26. h6 Rdg8 27. Rf4 f5 28. Rfh4 Rh7 29. g3 Kf6 30. Ba6 a4 31. bxa4 Bxa2 32. Kd2 Ra8 33. Bb5 Bb3 (33... Rah8 {was worth a try.} 34. Rc1 Rxh6) 34. Rc1 c4 $2 {[#]} (34... Ra5 35. Rxc5 Bxa4) 35. Rxd4 $18 Rxh6 36. Rd6+ Kg7 37. Rxh6 Kxh6 {[%mdl 4096] Endgame KRB-KRB} 38. Kc3 f4 39. gxf4 Rf8 (39... Bxa4 $142 40. Ra1 Rf8) 40. a5 Rf5 41. Kb4 c3 42. Rxc3 Bd5 43. Bc6 Rxf4+ 44. Kb5 Rf5 45. Bxd5 Rxd5+ 46. Kb6 {Accuracy: White = 65%, Black = 39%.} (46. Rc5 $142 Rd2 47. a6 Kg6 48. a7 Rd8 49. Kb6 Ra8 50. Kb7 Rh8 51. a8=Q) 1-0

[Event "46th OKU-A 2019"]
[Site "Utrecht"]
[Date "2019.06.01"]
[Round "4.7"]
[White "De Jong, Tom"]
[Black "Beerdsen, Thomas"]
[Result "0-1"]
[WhiteElo "2143"]
[BlackElo "2488"]
[Annotator "TA"]
[PlyCount "50"]
[EventDate "2019.05.31"]
[EventType "swiss"]
[EventCountry "NED"]
[SourceTitle "playchess.com"]
[Source "ChessBase"]
[SourceQuality "1"]

{[%evp 11,90,14,7,14,16,14,12,13,109,108,110,116,119,117,124,121,112,118,108,101,104,93,114,91,112,116,127,121,121,113,118,99,104,-377,-372,-406,-392,-468,32,43,43,33,25,0,0,0,34,0,142,137,160,22,30,0,66,0,23,0,0,0,51,-52,-8,-395,-395,-395,-395,-392,-390,-392,-390,-390,-355,-383,-377,-431,-431,-433,-414,-422,-422]} 1. e4 e5 2. Nf3 Nc6 3. Bb5 f5 4. d4 fxe4 5. Bxc6 dxc6 6. Nxe5 Nf6 7. Bg5 {C63: Ruy Lopez: Schliemann/Jaenisch Defence} (7. Nc3 Bb4 8. O-O O-O 9. Bg5 Qe8 10. Qe2 Bxc3 11. bxc3 h6 12. Bxf6 gxf6 13. Nc4 Qg6 14. Rae1 Bf5 {1-0 (24) Short,N (2664)-Schebler,G (2451) Pattaya 2015}) 7... Bf5 8. Nc3 Be7 9. O-O {The position is equal.} Nd5 $146 (9... O-O $11) ({Predecessor:} 9... O-O 10. Re1 c5 11. Bxf6 gxf6 12. Nc4 cxd4 13. Nxe4 Qd7 14. Qd3 Rad8 {0-1 (35) Staub,M (2015)-Trubetskoi,R (2204) Estonia 2003}) 10. Bxe7 $16 Qxe7 11. Nxe4 Bxe4 12. Re1 Nf6 13. f3 O-O-O 14. fxe4 c5 15. c3 cxd4 16. cxd4 Qb4 17. Nf3 Rhe8 18. Qc2 Kb8 19. Rac1 Re7 20. Re3 Ka8 21. Rb3 Qa5 22. Rxb7 $2 {[%mdl 8192]} (22. Rc3 $16 {and life is bright.}) 22... Kxb7 $19 23. Qc6+ Kb8 24. Rc5 Qb6 $2 (24... Qxa2 $19 25. Rb5+ Kc8) 25. Rb5 $36 {[%mdl 2112] Pin. White has the initiative.} Rxe4 {Played: Rd8-d6} 0-1

[Event "46th OKU-A 2019"]
[Site "Utrecht"]
[Date "2019.06.01"]
[Round "4.8"]
[White "Ondersteijn, Niels"]
[Black "Pham, Khoi"]
[Result "1-0"]
[WhiteElo "2397"]
[BlackElo "2198"]
[Annotator "TA"]
[PlyCount "67"]
[EventDate "2019.05.31"]
[EventType "swiss"]
[EventCountry "NED"]
[SourceTitle "playchess.com"]
[Source "ChessBase"]
[SourceQuality "1"]

{[%evp 17,67,20,23,20,68,51,70,66,58,68,62,23,61,58,210,208,204,187,254,246,300,266,342,348,359,343,355,347,426,392,487,452,486,496,591,575,779,759,741,760,763,739,938,959,873,930,892,881,1189,1182,1652,1608]} 1. c4 g6 2. g3 Bg7 3. Bg2 e5 4. Nc3 d6 5. e4 Nc6 6. d3 f5 7. Nge2 Nf6 8. O-O O-O 9. Nd5 h6 10. Rb1 {A26: English Opening vs King's Indian with ...Nc6 and d3} (10. exf5 gxf5 11. d4 Nxd5 12. Bxd5+ Kh7 13. dxe5 dxe5 14. Bd2 a5 15. f4 Nb4 16. Bxb4 axb4 17. fxe5 c6 {0-1 (55) Kovacevic,B (2497)-Nenezic,M (2515) Hungary 2019}) 10... Nh5 11. exf5 Bxf5 12. b4 {[%cal Bb2b4,Bb4b5][%mdl 32] White is slightly better.} Qd7 13. b5 Nd8 14. Be3 $146 ({Predecessor:} 14. Nec3 Nf6 15. Nxf6+ Rxf6 16. Nd5 Rf7 17. Be3 {1-0 (52) Kurass,Y-Gufeld,E Kiev 1968}) 14... Nf7 15. Nb4 Bh3 $2 ({Black should play} 15... Nd8 $14) 16. Bxb7 $18 Bxf1 17. Qxf1 Rab8 {[#]} (17... Rad8 {was worth a try.} 18. a4 (18. Bxa7 Ng5 $14) 18... Nf6) 18. Bc6 $1 {[%cal Rc6d7]} Qg4 19. h3 Qe6 20. Bxa7 Rbc8 21. Be3 Kh8 22. a4 {[%cal Ba2a4,Ba4a5][%mdl 32]} e4 23. Bxe4 Ne5 24. Qg2 {White is clearly winning.} g5 25. Nd4 Qd7 26. a5 Nf4 27. gxf4 gxf4 28. Bd2 Rg8 29. Bf5 {[%mdl 64] [#] Skewer} Nf3+ 30. Kh1 Bxd4 31. Bxd7 Rxg2 32. Kxg2 Nh4+ 33. Kh1 Rd8 34. Nc6 {Accuracy: White = 91%, Black = 17%.} 1-0

[Event "46th OKU-A 2019"]
[Site "Utrecht"]
[Date "2019.06.01"]
[Round "4.9"]
[White "Floor, Dirk"]
[Black "Kokje, Joris"]
[Result "1/2-1/2"]
[WhiteElo "2184"]
[BlackElo "2257"]
[Annotator "TA"]
[PlyCount "47"]
[EventDate "2019.05.31"]
[EventType "swiss"]
[EventCountry "NED"]
[SourceTitle "playchess.com"]
[Source "ChessBase"]
[SourceQuality "1"]

{[%evp 15,47,20,45,31,50,9,13,27,30,2,4,12,35,29,38,0,0,0,0,0,0,-27,-35,-41,-24,-55,-52,-70,-38,-96,-97,-141,-17,-23]} 1. d4 f5 2. g3 Nf6 3. Bg2 g6 4. Nf3 Bg7 5. O-O O-O 6. c4 d6 7. Nc3 c6 8. Rb1 a5 9. a3 {A88: Dutch Defence: Leningrad System: 5 Nf3 0-0 6 0-0 d6 7 Nc3 c6} (9. Qb3 Kh8 10. Rd1 Na6 11. Na4 Rb8 12. Nb6 Be6 13. Be3 Ng4 14. d5 Nxe3 15. Qxe3 Bg8 16. Na4 cxd5 17. cxd5 {1-0 (47) Jakovenko,D (2735)-Potapov,P (2516) St Petersburg 2018}) 9... Qc7 10. b4 axb4 11. axb4 e5 12. c5 {Threatening cxd6.} e4 13. Qb3+ $146 ({Predecessor:} 13. cxd6 Qxd6 14. Ne5 Be6 15. Bf4 Qe7 16. f3 exf3 17. Bxf3 Rd8 18. Qd2 Nbd7 19. Qe3 Re8 20. Rfc1 Nb6 {½-½ (20) Goossens,E (2140)-Stephan,M (2225) Germany 2000}) 13... d5 14. Bf4 Qd8 $1 15. Nd2 Ne8 16. Ra1 Rxa1 17. Rxa1 Nd7 18. Nxd5 cxd5 19. Qxd5+ Kh8 20. Ra8 {With the idea Qxb7.} Nc7 21. Bxc7 $1 Qxc7 22. Nc4 (22. b5 $15) 22... Nf6 $17 23. Qd6 Ne8 ({Black should play} 23... Qf7 $17 24. Ne5 Qb3) 24. Qd5 $1 {Accuracy: White = 36%, Black = 38%.} 1/2-1/2